000
00284nam a22001337a 4500
999
_c
168430
_d
168430
082
_a
_b
100
_a
Rhys Davids
245
_a
Sacred writings of the buddhists/
_c
by Rhys Davids.
260
_a
New Delhi:
_b
Cosmo,
_c
300
_a
650
_a
700
_a
942
_c
BK